000 00284 a2200085 4500
999 _c215798
_d215798
020 _a99912-929-0-X
100 _aKidd, Puseletso Elizabeth
245 _aChasing the Mirage:women and the administration of justice
260 _bBotswana : Woen and Law in Southern Africa Research Trust
_c1999